000 00446nam a2200157 i 4500
001 51184
003 ES-MaACL
005 20230906162320.0
007 t|
008 030811s1973 sp ||||1| spa d
100 1 _aChaparro Wert, Manuel.
_938007
245 1 0 _aPoemas del camino /
_cManuel Chaparro Wert.
260 _aHuelva :
_b[s.n.,
_c1973] (
_fVda. e hijos G. Chaparro)
300 _a129 p. ;
_c17 cm.
852 _aES-MaACL
_jC-55009
_bR.87651
999 _c51184
_d51184